000 01128cam a22002891 4500
001 gs 66000203
003 DLC
005 20260227111419.0
008 780619s1965 aluab b 000 0 eng c
010 _ags 66000203
035 _a(OCoLC)3986004
040 _aU.S. Geol. Survey. Libr.
_cMiDW
_dOCoLC
_dABAU
_dDLC
042 _apremarc
050 0 0 _aGB1225.A2
_bH3
100 1 _aHarkins, Joe R.,
_d1926-
245 1 0 _aSurface water resources of Calhoun County, Alabama,
_cby J. R. Harkins. With a section on quality of water, by Rodney G. Grantham.
260 _aUniversity, Ala.,
_c1965.
300 _a75 p.
_billus., maps (1 fold. (in pocket) 1 col.)
_c23 cm.
410 2 0 _aGeological Survey of Alabama.
_tCircular
_v33
500 _aPrepared by U.S. Geological Survey in cooperation with Calhoun County Board of Commissioners and Geological Survey of Alabama.
504 _aBibliography: p. 55.
650 0 _aWater-supply
_zAlabama
_zCalhoun County.
650 0 _aStream measurements
_zAlabama
_zCalhoun County.
650 0 _aWater
_xComposition.
700 1 _aGrantham, Rodney G.
710 2 _aGeological Survey (U.S.)
999 _c30221
_d30221